Production technology / (Record no. 13058)
[ view plain ]
| 000 -LEADER | |
|---|---|
| fixed length control field | 00385cam a2200145ua 4500 |
| 020 ## - INTERNATIONAL STANDARD BOOK NUMBER | |
| ISBN | 9789380578521 |
| 082 ## - DEWEY DECIMAL CLASSIFICATION NUMBER | |
| Classification number | 670 |
| Item number | NAR/PR |
| 100 ## - MAIN ENTRY--AUTHOR NAME | |
| Personal name | Narayana, K.L . |
| 245 ## - TITLE STATEMENT | |
| Title | Production technology / |
| 260 ## - PUBLICATION, DISTRIBUTION, ETC. (IMPRINT) | |
| Place of publication | New Delhi : |
| Name of publisher | I.K International Publishing House , |
| Year of publication | 2006. |
| 300 ## - PHYSICAL DESCRIPTION | |
| Number of Pages | 238 ; |
| Accompanying material | `. |
| 700 1# - ADDED ENTRY--PERSONAL NAME | |
| Personal name | Krishna, vamsi P . |
| 700 1# - ADDED ENTRY--PERSONAL NAME | |
| Personal name | Ramana, Swarna Venkata . |
| 942 ## - ADDED ENTRY ELEMENTS (KOHA) | |
| Koha item type | Books |
| Withdrawn status | Lost status | Damaged status | Home library | Current library | Date acquired | Full call number | Accession Number | Koha item type | Collection code | Shelving location | Source of acquisition | Cost, normal purchase price |
|---|---|---|---|---|---|---|---|---|---|---|---|---|
| KAUAET | KAUAET | 07/04/2012 | 670 | 21648 | Books | |||||||
| KAUAET | KAUAET | 31/03/2012 | 670 NAR/PR | 22395 | Books | Non-fiction | General Stacks | Cosmo Books, Calicut | 225.00 |
